| 000 | 00317nam a22001097a 4500 | ||
|---|---|---|---|
| 082 | _a200 THE | ||
| 100 |
_aIrfan Riaz _970716 |
||
| 245 | _aTH-SOF-1081-Spectrum Sensing & Availability of White Spaces | ||
| 650 |
_aMS-COMPUTER ENGINEERING-65 MSTHESIS _970198 |
||
| 700 | _aSUPERVISOR Dr. Shoab Ahmad Khan | ||
| 942 | _cCF | ||
| 999 |
_c577624 _d577624 |
||